History Quiz

Random History or Famous Quiz

Historical Name Chains Quiz Stats

 Plays Quiz Updated Aug 21, 2017

Support Sporcle.
Go Orange.
Score 0/24 Timer 06:00
0 Plays Today
% Correct
???
98.4%
???
94%
???
89.6%
???
88.6%
???
87.9%
???
87.2%
???
86.1%
???
86.1%
???
84.6%
???
83.7%
???
83.6%
???
81.6%
% Correct
???
78.1%
???
76.8%
???
75.3%
???
74.9%
???
74.6%
???
69%
???
67.4%
???
64.7%
???
64.5%
???
63.3%
???
59.8%
???
56%

From the Vault

Sayings in a Picture III

by wilycub

Language 10m
Sometimes pictures talk back.
Remove Ads.
Support Sporcle.
Get the best of Sporcle when you Go Orange. This ad-free experience offers more features, more stats, and more fun while also helping to support Sporcle. Thank you for becoming a member.

Show Comments

Extras

Top Quizzes Today


Score Distribution

Your Account Isn't Verified!

In order to create a playlist on Sporcle, you need to verify the email address you used during registration. Go to your Sporcle Settings to finish the process.

Report this User

Report this user for behavior that violates our Community Guidelines.

Details: